000 00479cam a2200193ua 4500
020 _c15.00
041 _aeng
_h
082 _a633.081
_bSUB/SO
100 _aSubbiah Mudliar, V T .
245 _aSouth Indian field crops /
_cV T Subbiah mudliar.
_hTextual Documents
250 _a1 /
_b.
260 _aMadras :
_bCentral Art press ,
_c1960.
300 _a407 ; .
365 _a15.00
504 _a
942 _cBK
999 _c7278
_d7278